<?xml version="1.0" encoding="UTF-8"?>
<record
    xmlns:xsi="http://www.w3.org/2001/XMLSchema-instance"
    xsi:schemaLocation="http://www.loc.gov/MARC21/slim http://www.loc.gov/standards/marcxml/schema/MARC21slim.xsd"
    xmlns="http://www.loc.gov/MARC21/slim">

  <leader>01358nam a22003017a 4500</leader>
  <datafield tag="999" ind1=" " ind2=" ">
    <subfield code="c">158648</subfield>
    <subfield code="d">158648</subfield>
  </datafield>
  <controlfield tag="005">20181110144555.0</controlfield>
  <datafield tag="010" ind1=" " ind2=" ">
    <subfield code="a">ENG-124464-69</subfield>
  </datafield>
  <datafield tag="020" ind1=" " ind2=" ">
    <subfield code="a">9789353065706 (Combo Pack)</subfield>
    <subfield code="c">1599.00 (Set of six vols. Price)</subfield>
  </datafield>
  <datafield tag="020" ind1=" " ind2=" ">
    <subfield code="a">9789353065812  (Vol.1)</subfield>
  </datafield>
  <datafield tag="020" ind1=" " ind2=" ">
    <subfield code="a">9789353065829  (Vol.2)</subfield>
  </datafield>
  <datafield tag="020" ind1=" " ind2=" ">
    <subfield code="a">9789353065836  (Vol.3)</subfield>
  </datafield>
  <datafield tag="020" ind1=" " ind2=" ">
    <subfield code="a">9789353065843  (Vol.4)</subfield>
  </datafield>
  <datafield tag="020" ind1=" " ind2=" ">
    <subfield code="a">9789353065850  (Vol.5)</subfield>
  </datafield>
  <datafield tag="020" ind1=" " ind2=" ">
    <subfield code="a">9789353065867  (Vol.6)</subfield>
  </datafield>
  <datafield tag="035" ind1=" " ind2=" ">
    <subfield code="a">EN-107996-108001</subfield>
  </datafield>
  <datafield tag="037" ind1=" " ind2=" ">
    <subfield code="b">DBAD/PUB</subfield>
  </datafield>
  <datafield tag="082" ind1=" " ind2=" ">
    <subfield code="a">000</subfield>
  </datafield>
  <datafield tag="100" ind1=" " ind2=" ">
    <subfield code="a">Thorpe, Edgar</subfield>
  </datafield>
  <datafield tag="245" ind1=" " ind2=" ">
    <subfield code="a">General studies for civil services prliminary examination:</subfield>
    <subfield code="b">paper -1/</subfield>
    <subfield code="c">by Edgar Thorpe [and] Showick Thorpe; ed. by Sharel Simon [and] G. Sharmilee</subfield>
  </datafield>
  <datafield tag="260" ind1=" " ind2=" ">
    <subfield code="a">New Delhi</subfield>
    <subfield code="b">Pearson</subfield>
    <subfield code="c">2019</subfield>
  </datafield>
  <datafield tag="270" ind1=" " ind2=" ">
    <subfield code="a">14 Local Shopping Centre, Panchsheel Park</subfield>
    <subfield code="b">New Delhi</subfield>
    <subfield code="e">110017</subfield>
  </datafield>
  <datafield tag="300" ind1=" " ind2=" ">
    <subfield code="a">6 vols.(lviii,various paging; vi,various paging; viii,various paging;ix,various paging;viii,various paging; vii,various paging)</subfield>
    <subfield code="c">25cm. (pbk)</subfield>
    <subfield code="b">ill. picture</subfield>
  </datafield>
  <datafield tag="505" ind1=" " ind2=" ">
    <subfield code="a">Vol.1 - General Knowledge and Current Affairs
Vol. 2- Indian Polity and Governance
Vol. 3- Indian Economy
Vol. 4- Geography and Environmental Ecology
Vol. 5- General Science
Vol. 6- History and Culture</subfield>
  </datafield>
  <datafield tag="700" ind1=" " ind2=" ">
    <subfield code="a">Thorpe, Showick</subfield>
  </datafield>
  <datafield tag="700" ind1=" " ind2=" ">
    <subfield code="a">Simon, Sharel</subfield>
  </datafield>
  <datafield tag="700" ind1=" " ind2=" ">
    <subfield code="a">Sharmilee, G.</subfield>
  </datafield>
  <datafield tag="942" ind1=" " ind2=" ">
    <subfield code="2">ddc</subfield>
    <subfield code="c">EN</subfield>
    <subfield code="h">000</subfield>
    <subfield code="m">THO</subfield>
  </datafield>
  <datafield tag="952" ind1=" " ind2=" ">
    <subfield code="0">0</subfield>
    <subfield code="1">0</subfield>
    <subfield code="3">vol.1</subfield>
    <subfield code="4">0</subfield>
    <subfield code="7">1</subfield>
    <subfield code="8">NFIC</subfield>
    <subfield code="a">DBAD</subfield>
    <subfield code="b">BN</subfield>
    <subfield code="d">2018-11-10</subfield>
    <subfield code="e">DBAD/PUB</subfield>
    <subfield code="g">1599.00</subfield>
    <subfield code="l">0</subfield>
    <subfield code="o">000 THO</subfield>
    <subfield code="p">EN-107996</subfield>
    <subfield code="r">2018-11-10 00:00:00</subfield>
    <subfield code="t">1</subfield>
    <subfield code="v">1599.00</subfield>
    <subfield code="y">EN</subfield>
  </datafield>
  <datafield tag="952" ind1=" " ind2=" ">
    <subfield code="0">0</subfield>
    <subfield code="1">0</subfield>
    <subfield code="3">vol.2</subfield>
    <subfield code="4">0</subfield>
    <subfield code="7">1</subfield>
    <subfield code="8">NFIC</subfield>
    <subfield code="a">DBAD</subfield>
    <subfield code="b">BN</subfield>
    <subfield code="d">2018-11-10</subfield>
    <subfield code="e">DBAD/PUB</subfield>
    <subfield code="g">1599.00</subfield>
    <subfield code="l">0</subfield>
    <subfield code="o">000 THO</subfield>
    <subfield code="p">EN-107997</subfield>
    <subfield code="r">2018-11-10 00:00:00</subfield>
    <subfield code="t">1</subfield>
    <subfield code="v">1599.00</subfield>
    <subfield code="y">EN</subfield>
  </datafield>
  <datafield tag="952" ind1=" " ind2=" ">
    <subfield code="0">0</subfield>
    <subfield code="1">0</subfield>
    <subfield code="3">vol.3</subfield>
    <subfield code="4">0</subfield>
    <subfield code="7">1</subfield>
    <subfield code="8">NFIC</subfield>
    <subfield code="a">DBAD</subfield>
    <subfield code="b">BN</subfield>
    <subfield code="d">2018-11-10</subfield>
    <subfield code="e">DBAD/PUB</subfield>
    <subfield code="g">1599.00</subfield>
    <subfield code="l">0</subfield>
    <subfield code="o">000 THO</subfield>
    <subfield code="p">EN-107998</subfield>
    <subfield code="r">2018-11-10 00:00:00</subfield>
    <subfield code="t">1</subfield>
    <subfield code="v">1599.00</subfield>
    <subfield code="y">EN</subfield>
  </datafield>
  <datafield tag="952" ind1=" " ind2=" ">
    <subfield code="0">0</subfield>
    <subfield code="1">0</subfield>
    <subfield code="3">vol.4</subfield>
    <subfield code="4">0</subfield>
    <subfield code="7">1</subfield>
    <subfield code="8">NFIC</subfield>
    <subfield code="a">DBAD</subfield>
    <subfield code="b">BN</subfield>
    <subfield code="d">2018-11-10</subfield>
    <subfield code="e">DBAD/PUB</subfield>
    <subfield code="g">1599.00</subfield>
    <subfield code="l">0</subfield>
    <subfield code="o">000 THO</subfield>
    <subfield code="p">EN-107999</subfield>
    <subfield code="r">2018-11-10 00:00:00</subfield>
    <subfield code="t">1</subfield>
    <subfield code="v">1599.00</subfield>
    <subfield code="y">EN</subfield>
  </datafield>
  <datafield tag="952" ind1=" " ind2=" ">
    <subfield code="0">0</subfield>
    <subfield code="1">0</subfield>
    <subfield code="3">vol.5</subfield>
    <subfield code="4">0</subfield>
    <subfield code="7">1</subfield>
    <subfield code="8">NFIC</subfield>
    <subfield code="a">DBAD</subfield>
    <subfield code="b">BN</subfield>
    <subfield code="d">2018-11-10</subfield>
    <subfield code="e">DBAD/PUB</subfield>
    <subfield code="g">1599.00</subfield>
    <subfield code="l">0</subfield>
    <subfield code="o">000 THO</subfield>
    <subfield code="p">EN-108000</subfield>
    <subfield code="r">2018-11-10 00:00:00</subfield>
    <subfield code="t">1</subfield>
    <subfield code="v">1599.00</subfield>
    <subfield code="y">EN</subfield>
  </datafield>
  <datafield tag="952" ind1=" " ind2=" ">
    <subfield code="0">0</subfield>
    <subfield code="1">0</subfield>
    <subfield code="3">vol.6</subfield>
    <subfield code="4">0</subfield>
    <subfield code="7">1</subfield>
    <subfield code="8">NFIC</subfield>
    <subfield code="a">DBAD</subfield>
    <subfield code="b">BN</subfield>
    <subfield code="d">2018-11-10</subfield>
    <subfield code="e">DBAD/PUB</subfield>
    <subfield code="g">1599.00</subfield>
    <subfield code="l">0</subfield>
    <subfield code="o">000 THO</subfield>
    <subfield code="p">EN-108001</subfield>
    <subfield code="r">2018-11-10 00:00:00</subfield>
    <subfield code="t">1</subfield>
    <subfield code="v">1599.00</subfield>
    <subfield code="y">EN</subfield>
  </datafield>
</record>
